[Event "Stare Mesto op"]
[Site "Stare Mesto"]
[Date "2023.08.10"]
[Round "6"]
[White "Bazantova, Marie"]
[Black "Vaculik, Martin1111"]
[Result "1/2-1/2"]
[WhiteElo "1788"]
[BlackElo "1983"]
[PlyCount "82"]
[EventDate "2023.08.05"]
[EventType "swiss"]
[EventRounds "9"]
[EventCountry "CZE"]
[SourceTitle "EXT 2024"]
[Source "ChessBase"]
[SourceDate "2023.10.10"]
[SourceVersion "1"]
[SourceVersionDate "2023.10.10"]
[SourceQuality "1"]

1. e4 c6 2. c4 d5 3. exd5 cxd5 4. cxd5 Nf6 5. Nc3 g6 6. Nf3 Bg7 7. Bb5+ Nbd7 8. 0-0 0-0 9. d4 Nb6 10. Re1 a6 11. Bf1 Nbxd5 12. Ne5 Be6 13. Bg5 Rc8 14. Qd2 Qa5 15. Nxd5 Qxd5 16. Qb4 Rfe8 17. Nf3 h6 18. Bf4 Qf5 19. Bd2 Bd5 20. Re5 Qd7 21. Re3 Ng4 22. Rc3 Rxc3 23. Bxc3 Qc7 24. Ne5 Nxe5 25. dxe5 Bxe5 26. Bxe5 Qxe5 27. Re1 Qg5 28. h4 Qf6 29. b3 h5 30. Rd1 e6 31. Qd4 Qxd4 32. Rxd4 Rc8 33. Rd2 Kf8 34. f3 Ke7 35. Kf2 Rc3 36. Bd3 Bc6 37. Ke2 Rc5 38. Rc2 Re5+ 39. Kf2 Rd5 40. Ke3 e5 41. Bxa6 Rd4 1/2-1/2

[Event "Usti nad Labem blitz op"]
[Site "Usti nad Labem"]
[Date "2023.05.07"]
[Round "7"]
[White "Toman, Jan1111"]
[Black "Bazantova, Marie"]
[Result "1-0"]
[WhiteElo "1798"]
[BlackElo "1805"]
[PlyCount "66"]
[EventDate "2023.05.07"]
[EventType "swiss (blitz)"]
[EventRounds "15"]
[EventCountry "CZE"]
[SourceTitle "CBM 214 Extra"]
[Source "ChessBase"]
[SourceDate "2023.07.31"]
[SourceVersion "1"]
[SourceVersionDate "2023.07.31"]
[SourceQuality "1"]

1. e4 c5 2. c3 d5 3. exd5 Qxd5 4. Nf3 Nf6 5. d4 e6 6. Na3 a6 7. Bc4 Qd8 8. Ne5 Nc6 9. Nxc6 bxc6 10. 0-0 cxd4 11. cxd4 Bxa3 12. bxa3 0-0 13. Rb1 Qe7 14. Re1 Nd5 15. Qa4 Qc7 16. Bd2 c5 17. Bxd5 exd5 18. dxc5 Bf5 19. Rbc1 Rab8 20. Qxa6 Rb2 21. Ba5 Qf4 22. Qf1 Rxa2 23. Bb4 h5 24. c6 Rc8 25. g3 Qc7 26. Re7 Qb6 27. c7 Be6 28. Rxe6 Qxe6 29. Qb5 Qf6 30. Bc5 Kh7 31. Be3 Qe7 32. Qxd5 Rxc7 33. Rxc7 Qxc7 1-0

[Event "Stare Mesto op"]
[Site "Stare Mesto"]
[Date "2022.08.12"]
[Round "1"]
[White "Sramek, Ondrej"]
[Black "Bazantova, Marie"]
[Result "1/2-1/2"]
[WhiteElo "1985"]
[BlackElo "1746"]
[PlyCount "43"]
[EventDate "2022.08.12"]
[EventType "swiss"]
[EventRounds "9"]
[EventCountry "CZE"]
[SourceTitle "CBM 209 Extra"]
[Source "ChessBase"]
[SourceDate "2022.09.30"]
[SourceVersion "1"]
[SourceVersionDate "2022.09.30"]
[SourceQuality "1"]

1. e4 c5 2. Nf3 Nf6 3. Nc3 Nc6 4. d4 d5 5. exd5 Nxd5 6. Be2 Nxc3 7. bxc3 e6 8. 0-0 Be7 9. Bf4 0-0 10. Re1 Bf6 11. Be5 Bxe5 12. dxe5 Qe7 13. Bd3 h6 14. Qe2 f5 15. exf6 Qxf6 16. Rad1 e5 17. Qe4 Bf5 18. Qxf5 Qxf5 19. Bxf5 Rxf5 20. Rd5 Rc8 21. Rxc5 Kf7 22. Rd5 1/2-1/2

[Event "Teplice City-ch"]
[Site "Teplice"]
[Date "2022.04.22"]
[Round "5"]
[White "Mascak, Milan"]
[Black "Bazantova, Marie"]
[Result "1/2-1/2"]
[WhiteElo "1624"]
[BlackElo "1784"]
[PlyCount "57"]
[EventDate "2022.04.05"]
[EventType "tourn"]
[EventRounds "13"]
[EventCountry "CZE"]
[SourceTitle "EXT 2023"]
[Source "ChessBase"]
[SourceDate "2022.10.05"]
[SourceVersion "1"]
[SourceVersionDate "2022.10.05"]
[SourceQuality "1"]

1. d4 Nf6 2. c4 e6 3. Nf3 b6 4. Nc3 Bb4 5. Qb3 a5 6. a4 Bb7 7. Bg5 d6 8. Nd2 Nbd7 9. e4 h6 10. Bh4 g5 11. Bg3 Nxe4 12. Rd1 Nxd2 13. Rxd2 Nf6 14. f3 Qe7 15. Be2 Nh5 16. Bf2 Nf4 17. 0-0 0-0-0 18. Bd1 h5 19. Rc2 g4 20. Be3 Qg5 21. Ne4 Bxe4 22. fxe4 e5 23. c5 bxc5 24. dxe5 dxe5 25. Bxc5 Bxc5+ 26. Rxc5 Nd3 27. Rxc7+ Kxc7 28. Qc4+ Kb8 29. Qb5+ 1/2-1/2

[Event "WchT Seniors 50"]
[Site "Prague"]
[Date "2020.03.08"]
[Round "3.13"]
[White "Kempter, Ronald"]
[Black "Bazantova, Marie"]
[Result "1-0"]
[WhiteElo "2238"]
[BlackElo "1925"]
[PlyCount "77"]
[EventDate "2020.03.06"]
[EventType "team-swiss"]
[EventRounds "7"]
[EventCountry "CZE"]
[SourceTitle "CBM 195 Extra"]
[Source "ChessBase"]
[SourceDate "2020.05.31"]
[SourceVersion "1"]
[SourceVersionDate "2020.05.31"]
[SourceQuality "1"]
[WhiteTeam "Germany 50 VI"]
[BlackTeam "Czech Republic 50 XI"]
[WhiteTeamCountry "GER"]
[BlackTeamCountry "CZE"]

1. Nf3 Nf6 2. c4 c5 3. g3 Nc6 4. Bg2 g6 5. 0-0 Bg7 6. Nc3 0-0 7. d4 cxd4 8. Nxd4 Nxd4 9. Qxd4 d6 10. Qd3 Rb8 11. Bd2 b6 12. Rac1 Bb7 13. e4 Nd7 14. b3 Nc5 15. Qe2 Ne6 16. Be3 Nd4 17. Qd2 Nc6 18. h3 Qd7 19. Kh2 Rbd8 20. Rfd1 Qc8 21. Bh6 Qa8 22. Nd5 Rd7 23. Bxg7 Kxg7 24. Ne3 Rh8 25. h4 Rdd8 26. h5 f6 27. h6+ Kf7 28. f4 e6 29. Qc3 e5 30. Ng4 Bc8 31. Ne3 Ne7 32. Rf1 Nc6 33. fxe5 dxe5 34. Nd5 Rd6 35. Rcd1 Nd4 36. Rxd4 exd4 37. Qxd4 Qc6 38. e5 Re6 39. Nxf6 1-0

[Event "CZE-chT2B 1920"]
[Site "Czech Republic"]
[Date "2019.12.15"]
[Round "5.8"]
[White "Bazantova, Marie"]
[Black "Fric, Pavel"]
[Result "0-1"]
[WhiteElo "1888"]
[BlackElo "1997"]
[PlyCount "90"]
[EventDate "2019.10.13"]
[EventType "team-tourn"]
[EventRounds "11"]
[EventCountry "CZE"]
[SourceTitle "EXT 2024"]
[Source "ChessBase"]
[SourceDate "2023.10.10"]
[SourceVersion "1"]
[SourceVersionDate "2023.10.10"]
[SourceQuality "1"]
[WhiteTeam "Usti nad Labem"]
[BlackTeam "Karlovy Vary Tietz II"]
[WhiteTeamCountry "CZE"]
[BlackTeamCountry "CZE"]

1. e4 c5 2. c3 d5 3. exd5 Qxd5 4. d4 g6 5. Nf3 Bg7 6. Be3 Nh6 7. dxc5 Qxd1+ 8. Kxd1 0-0 9. Bd3 Rd8 10. Ke2 Nc6 11. h3 Nf5 12. g4 Nxe3 13. Kxe3 Be6 14. Nbd2 Rac8 15. Nb3 a5 16. Be4 a4 17. Nbd4 Bd5 18. Nxc6 Bxc6 19. Rhd1 a3 20. Rxd8+ Rxd8 21. Bxc6 bxc6 22. bxa3 Bxc3 23. Rb1 Rd5 24. Rb3 Rxc5 25. Kd3 Bf6 26. Nd2 Rd5+ 27. Kc2 Bd4 28. f3 f5 29. Rb7 Kf7 30. Rc7 Rc5+ 31. Kd3 Be5 32. Ra7 Rc3+ 33. Ke2 Bd4 34. Ra4 c5 35. Rc4 Rxa3 36. Rc2 Re3+ 37. Kf1 Ke6 38. h4 fxg4 39. fxg4 Kd5 40. Kg2 Re2+ 41. Kg3 c4 42. Rxc4 Rxd2 43. Ra4 e5 44. Ra8 e4 45. a4 Be5+ 0-1

[Event "Stare Mesto op"]
[Site "Stare Mesto"]
[Date "2019.08.21"]
[Round "5"]
[White "Bazantova, Marie"]
[Black "Kucera, Michal"]
[Result "0-1"]
[WhiteElo "1909"]
[BlackElo "1963"]
[PlyCount "42"]
[EventDate "2019.08.17"]
[EventType "swiss"]
[EventRounds "9"]
[EventCountry "CZE"]
[SourceTitle "EXT 2020"]
[Source "ChessBase"]
[SourceDate "2019.10.17"]
[SourceVersion "1"]
[SourceVersionDate "2019.10.17"]
[SourceQuality "1"]

1. e4 c5 2. c3 Nf6 3. e5 Nd5 4. d4 cxd4 5. cxd4 d6 6. Nf3 Nc6 7. Bc4 Nb6 8. Bb5 dxe5 9. Bxc6+ bxc6 10. Nxe5 Bb7 11. Nc3 Nd7 12. Nd3 g6 13. 0-0 Bg7 14. Qb3 Ba6 15. Rd1 Bxd3 16. Rxd3 Nc5 17. dxc5 Qxd3 18. Bg5 Qf5 19. Bxe7 Kxe7 20. Re1+ Kf8 21. Qb7 Bxc3 0-1

[Event "Stare Mesto op"]
[Site "Stare Mesto"]
[Date "2018.08.22"]
[Round "5"]
[White "Bazantova, Marie"]
[Black "Frank, Adam"]
[Result "0-1"]
[WhiteElo "1911"]
[BlackElo "2070"]
[PlyCount "64"]
[EventDate "2018.08.18"]
[EventType "swiss"]
[EventRounds "9"]
[EventCountry "CZE"]
[SourceTitle "CBM 186 Extra"]
[Source "ChessBase"]
[SourceDate "2018.08.24"]
[SourceVersion "1"]
[SourceVersionDate "2018.08.24"]
[SourceQuality "1"]

1. e4 e5 2. Nc3 Nf6 3. d3 d5 4. exd5 Nxd5 5. Nxd5 Qxd5 6. Nf3 Nc6 7. Be2 Bc5 8. 0-0 0-0 9. Bd2 Bf5 10. Bc3 Rad8 11. Qd2 f6 12. Rad1 Qf7 13. Qc1 g5 14. h3 h5 15. Nh2 Kg7 16. g4 hxg4 17. hxg4 Be6 18. Kg2 Rh8 19. Rh1 Qd7 20. f3 Ne7 21. b4 Bb6 22. Bd2 Ng6 23. Be3 Bxe3 24. Qxe3 Nf4+ 25. Kf2 Rh7 26. Bf1 Qa4 27. Qc5 Rdh8 28. Kg3 b6 29. Qe3 Qxb4 30. d4 Qd6 31. Bg2 exd4 32. Qd2 Nxg2+ 0-1

[Event "Stare Mesto op"]
[Site "Stare Mesto"]
[Date "2018.08.18"]
[Round "1"]
[White "Bazantova, Marie"]
[Black "Babula, Milan"]
[Result "0-1"]
[WhiteElo "1911"]
[BlackElo "2230"]
[PlyCount "94"]
[EventDate "2018.08.18"]
[EventType "swiss"]
[EventRounds "9"]
[EventCountry "CZE"]
[SourceTitle "CBM 186 Extra"]
[Source "ChessBase"]
[SourceDate "2018.08.24"]
[SourceVersion "1"]
[SourceVersionDate "2018.08.24"]
[SourceQuality "1"]

1. e4 Nc6 2. Bc4 e6 3. d3 Nf6 4. Nf3 d5 5. exd5 exd5 6. Bb5 Bd6 7. 0-0 0-0 8. Bg5 Bg4 9. Nbd2 Nd4 10. Ba4 b5 11. Bb3 c5 12. Bxf6 gxf6 13. c3 Nxb3 14. Qxb3 Rb8 15. d4 c4 16. Qc2 Qd7 17. Rfe1 Kh8 18. Nh4 Rg8 19. Nf1 Rg5 20. Ne3 Rbg8 21. f3 Be6 22. Qf2 Qc7 23. Nf1 Rh5 24. Kh1 f5 25. g3 f4 26. g4 Rh6 27. Re2 Qd8 28. Ng2 f5 29. Rae1 Bd7 30. gxf5 Bxf5 31. Rd1 Qf6 32. Qe1 Qf7 33. Qd2 Rh3 34. Ne1 Bg6 35. Rg2 Qf5 36. Qf2 Be7 37. Rg4 Rf8 38. Qg2 Qh5 39. Nd2 Bf5 40. Nf1 Qh6 41. Qe2 Rxf3 42. Rg1 Re3 43. Nxe3 fxe3 44. Rg3 Be4+ 45. Ng2 Bg5 46. Rf1 Bf4 47. Rxf4 Qxf4 0-1

[Event "Teplice op 10th"]
[Site "Teplice"]
[Date "2015.06.18"]
[Round "6"]
[White "Lorscheid, Gerhard"]
[Black "Bazantova, Marie"]
[Result "1-0"]
[WhiteElo "2264"]
[BlackElo "1954"]
[PlyCount "57"]
[EventDate "2015.06.13"]
[EventType "swiss"]
[EventRounds "9"]
[EventCountry "CZE"]
[SourceTitle "EXT 2017"]
[Source "ChessBase"]
[SourceDate "2016.10.25"]
[SourceVersion "1"]
[SourceVersionDate "2016.10.25"]
[SourceQuality "1"]

1. d4 Nf6 2. c4 e6 3. Nc3 Bb4 4. Qc2 b6 5. a3 Bxc3+ 6. Qxc3 h6 7. Qg3 Bb7 8. Qxg7 Rg8 9. Qxh6 Bxg2 10. Bxg2 Rxg2 11. Bg5 Ng8 12. Bxd8 Nxh6 13. Bxc7 Rg4 14. e3 Nc6 15. h3 Rg8 16. b4 Nf5 17. Bf4 Nce7 18. Nf3 Ng6 19. Bg5 Nd6 20. Nd2 a5 21. Ke2 f5 22. h4 Kf7 23. h5 Nh8 24. Bf4 Ne8 25. c5 b5 26. a4 axb4 27. axb5 Nf6 28. b6 Nxh5 29. Bd6 1-0

[Event "Teplice op 10th"]
[Site "Teplice"]
[Date "2015.06.13"]
[Round "1"]
[White "Bazantova, Marie"]
[Black "Ledger, Andrew"]
[Result "0-1"]
[WhiteElo "1954"]
[BlackElo "2392"]
[PlyCount "73"]
[EventDate "2015.06.13"]
[EventType "swiss"]
[EventRounds "9"]
[EventCountry "CZE"]
[SourceTitle "EXT 2017"]
[Source "ChessBase"]
[SourceDate "2016.10.25"]
[SourceVersion "1"]
[SourceVersionDate "2016.10.25"]
[SourceQuality "1"]

1. e4 c6 2. d4 d5 3. exd5 cxd5 4. c4 Nf6 5. Nc3 Nc6 6. Bg5 e6 7. cxd5 exd5 8. Bxf6 Qxf6 9. Nxd5 Qd6 10. Nc3 Nxd4 11. Be2 Qe5 12. Qd2 Bc5 13. 0-0-0 0-0 14. Bd3 Be6 15. Re1 Qc7 16. Kb1 Qa5 17. Rd1 Rac8 18. Nge2 Nxe2 19. Qxe2 Bb4 20. Rc1 Bxc3 21. bxc3 Rxc3 22. Rxc3 Qxc3 23. Qc2 Qb4+ 24. Qb2 Qd6 25. Bc2 Rc8 26. h4 Qd5 27. Bd1 Qxg2 28. Re1 h6 29. Qd4 Qc6 30. Qb2 Bf5+ 31. Ka1 Qc1+ 32. Qxc1 Rxc1+ 33. Kb2 Rb1+ 34. Kc3 Kf8 35. f3 Be6 36. Kc2 Ra1 37. a4 0-1

[Event "CZE-chT2B 1415"]
[Site "Czech Republic"]
[Date "2015.02.22"]
[Round "8.8"]
[White "Sykora, Ondrej"]
[Black "Bazantova, Marie"]
[Result "1-0"]
[WhiteElo "2131"]
[BlackElo "1938"]
[PlyCount "81"]
[EventDate "2014.11.02"]
[EventType "team-tourn"]
[EventRounds "11"]
[EventCountry "CZE"]
[SourceTitle "EXT 2022"]
[Source "ChessBase"]
[SourceDate "2021.10.06"]
[SourceVersion "1"]
[SourceVersionDate "2021.10.06"]
[SourceQuality "1"]
[WhiteTeam "Turnov Zikuda II"]
[BlackTeam "Usti nad Labem"]
[WhiteTeamCountry "CZE"]
[BlackTeamCountry "CZE"]

1. e4 c5 2. Nf3 Nf6 3. Nc3 Nc6 4. d4 d5 5. exd5 Nxd5 6. Nxd5 Qxd5 7. dxc5 Qxd1+ 8. Kxd1 Bg4 9. Be3 0-0-0+ 10. Kc1 e5 11. Nd2 Nb4 12. a3 Nd5 13. b4 Nxe3 14. fxe3 Be7 15. Bc4 Rhf8 16. Re1 Kc7 17. Ne4 Bf5 18. Nc3 Be6 19. Bxe6 fxe6 20. Ne4 a6 21. Kb2 Rd7 22. Rad1 Rxd1 23. Rxd1 Kc6 24. c4 Rd8 25. Rxd8 Bxd8 26. Kc3 h6 27. Kd3 Bh4 28. g3 Bd8 29. Nf2 h5 30. Ke4 h4 31. g4 a5 32. Nd3 Be7 33. b5+ Kd7 34. a4 Bf6 35. h3 g5 36. Nc1 Bd8 37. Kxe5 b6 38. Nb3 Bc7+ 39. Ke4 bxc5 40. Nxc5+ Ke7 41. Nb3 1-0

[Event "BdF-Diamant 04 email"]
[Site "GER email"]
[Date "2013.08.31"]
[Round "?"]
[White "Bazantova, Marie"]
[Black "Bocheva, Margarita"]
[Result "1/2-1/2"]
[WhiteElo "2344"]
[BlackElo "2287"]
[PlyCount "93"]
[EventDate "2013.??.??"]
[EventType "tourn (corr)"]
[EventRounds "10"]
[EventCountry "GER"]
[SourceTitle "Corr 2020"]
[Source "ChessBase"]
[SourceDate "2019.09.30"]
[SourceVersion "1"]
[SourceVersionDate "2019.09.30"]
[SourceQuality "1"]

1. d4 Nf6 2. c4 g6 3. g3 Bg7 4. Bg2 c5 5. Nf3 cxd4 6. Nxd4 0-0 7. Nc3 Nc6 8. 0-0 Qa5 9. e3 Ne5 10. Qe2 d6 11. h3 Qb4 12. Nd5 Nxd5 13. cxd5 Qc4 14. Qxc4 Nxc4 15. Rd1 Bd7 16. b3 Nb6 17. e4 Rfc8 18. Be3 Kf8 19. Rac1 Rxc1 20. Rxc1 Rc8 21. Rxc8+ Nxc8 22. f4 e6 23. dxe6 fxe6 24. Kf2 Ne7 25. Nf3 Nc6 26. e5 dxe5 27. Nxe5 Nxe5 28. Bc5+ Ke8 29. fxe5 b6 30. Bd6 Bb5 31. a4 Bd3 32. Bc6+ Kd8 33. Kf3 Bc2 34. b4 Bh6 35. a5 bxa5 36. bxa5 Bd3 37. Bb4 Bc1 38. Bc3 Bc4 39. h4 Kc7 40. Be4 Kd7 41. h5 gxh5 42. Bxh7 Bg5 43. Be4 Bb5 44. Kf2 Bc4 45. Bb7 Bb5 46. Bf3 h4 47. g4 1/2-1/2